Kung-Fu Panda 4 Main Characters - Statistics

General Stats
  • This quiz has been taken 5 times
  • The average score is 3 of 6
Answer Stats
Played by Answer % Correct
Jack Black Po
100%
Viola Davis Chameleon
40%
James Hong Ping
40%
Dustin Hoffman Shifu
40%
Bryan Cranston Li Shan
20%
Awkwafina Zhen
20%
No matching quizzes found
Score Distribution
Percent of People with Each Score
Percentile by Number Answered
Your Score History
You have not taken this quiz